000 00463nam a22001697a 4500
003 OSt
008 260505b |||||||| |||| 00| 0 eng d
082 _a633.16
_bP74R
100 _aPrasad, Triloki Nath
245 _aResponse of Barely Varieties to Levels of Nitrogen Under Rainfed Conditions
260 _aPusa, Samastipur
_bRAU, Dept. of Agronomy
_c1978
300 _a151P.
502 _bMsc.
_d1978
650 _aAgronomy
650 _aMsc.
942 _2ddc
_cT
999 _c50439
_d50439